Feudal and modern Japan

Đã lưu trong:
Bibliografiske detaljer
Hovedforfatter: Knapp, Arthur May
Format: Bog
Sprog:Undetermined
Udgivet: Boston J. Knight company 1897
Fag:
Tags: Tilføj Tag
Ingen Tags, Vær først til at tagge denne postø!
Thư viện lưu trữ: Trung tâm Học liệu Trường Đại học Cần Thơ
LEADER 00507nam a2200193Ia 4500
001 CTU_112267
008 210402s9999 xx 000 0 und d
082 |a 952 
082 |b K67/Vol.1 
100 |a Knapp, Arthur May 
245 0 |a Feudal and modern Japan 
245 0 |c Arthur May Knapp 
260 |a Boston 
260 |b J. Knight company 
260 |c 1897 
650 |a Japan,Japan 
650 |x Social life and customs 
904 |i M.Loan 
980 |a Trung tâm Học liệu Trường Đại học Cần Thơ